000
00275nam a2200109Ia 4500
008
190216s9999||||xx |||||||||||||| ||und||
100
_a
Alexier V & Translated By Uvarov E
245
0
_a
Qualitative Analysis
260
_b
Mir Pubs Moscow
650
_a
Chemistry
942
_c
BK
999
_c
2109
_d
2109